Normal view
MARC view
- المخاطرة - المؤسسات المالية - البنوك - التأمين
Entry Topical Term
001 - CONTROL NUMBER
- control field: 28196
003 - CONTROL NUMBER IDENTIFIER
- control field: JO-AjAnu
005 - DATE AND TIME OF LATEST TRANSACTION
- control field: 20230606074800.0
008 - FIXED-LENGTH DATA ELEMENTS
- fixed length control field: 230606|| aca||aabn | a|a d
040 ## - CATALOGING SOURCE
- Original cataloging agency: JO-AjAnu
- Transcribing agency: JO-AjAnu
150 ## - HEADING--TOPICAL TERM
- Topical term or geographic name entry element: المخاطرة - المؤسسات المالية - البنوك - التأمين
670 ## - SOURCE DATA FOUND
- Source citation: Work cat.: (JO-AjAnu)14474: تأليف: ابراهيم، ايهاب نظمي, author 28195, التدقيق القائم على مخاطر الاعمال حداثة وتطور